LEADER 01406nam a2200289 i 4500 001 000000134537 003 CaOOAMICUS 005 20211115122001.0 008 170210s2016 it u000 u ita u 013 $a107708 020 $a978-88-99781-03-3 040 $aSeMil$bita 100 1 $aScala, Ferdinando.$0(OLS)http://semarc/name/92425 245 10$aCimiano, Feltre Rombon e Lambrate :$bun territorio di santi, imprenditori ed eroi /$cFerdinando Scala ; presentazione di Luigi Andreoli, presidente dell'Associazione amici di dai nostri quartieri. 264 1$aTorino :$bGraphot,$c2016. 300 $a318 p. :$bill. ;$c24 cm. 650 4$aMilano - Rioni e quartieri - Feltre.$0(OLS)http://semarc/subject/51223 650 4$aMilano - Rioni e quartieri - Lambrate.$0(OLS)http://semarc/subject/11303 650 4$aMilano - Rioni e quartieri - Cimiano.$0(OLS)http://semarc/subject/51222 700 1 $aAndreoli, Luigi.$0(OLS)http://semarc/name/93380 850 $aSeMil 852 $aSeMil$W1$xVenegono$y1$m3O III 61$j88269$B88269$CSeMilBibl$Z2$F92568 $81 961 $aOmaggio: Delpini mons. Mario 996 $6020$a978-88-99781-03-3$9(OLS)http://semarc/number/273836 996 $6245$aCimiano, Feltre Rombon e Lambrate :$bun territorio di santi, imprenditori ed eroi$9(OLS)http://semarc/title/408364 996 $6264$aTorino :$bGraphot$9(OLS)http://semarc/publisher/56849 LEADER 00904nab a2200145 i 4500 001 000000274136 003 CaOOAMICUS 005 20101115000000.0 008 101115n xx uu u0 0und r 013 $a22596 040 $aSeMil$bita 245 10$aSimone Martini's Orsini folding Polyptych ; Suggestivo inedito del senese Francesco Rustici ; Simbologia Cosmica nel Duomo di Modena ; Novità documentarie per Rocco Comanedi ; Il Museo di Arte Bizantina di Atene. - Titoli dalla copertina. 500 $aSETTEMBRE-OTTOBRE 2010 (N. 860). 773 0 $t[2010 : fascicoli 856-861].$dMilano : Scuola Beato Angelico, copyr. 2010.$w()186369 996 $6245$aSimone Martini's Orsini folding Polyptych ; Suggestivo inedito del senese Francesco Rustici ; Simbologia Cosmica nel Duomo di Modena ; Novità documentarie per Rocco Comanedi ; Il Museo di Arte Bizantina di Atene. - Titoli dalla copertina.$9(OLS)http://semarc/title/360930